[Event "-chT Youth Countries 2019"]
[Site "Wuerzburg"]
[Date "2019.10.03"]
[Round "3.1"]
[White "Muckle, Julius"]
[Black "Fromm, Marius"]
[Result "1/2-1/2"]
[WhiteElo "2398"]
[BlackElo "2124"]
[Annotator "NA"]
[PlyCount "44"]
[EventDate "2019.10.02"]
[EventType "team-tourn"]
[EventRounds "7"]
[EventCountry "GER"]
[SourceTitle "playchess.com"]
[Source "ChessBase"]
[SourceQuality "1"]
[WhiteTeam "Rheinland-Pfalz"]
[BlackTeam "Mecklenburg-Vorpommern"]
[TimeControl "40/5400+30:1800+30"]

1. d4 {[%emt 0:00:00]} Nf6 {[%emt 0:00:00]} 2. c4 {[%emt 0:00:00]} e6 {[%emt 0:00:00]} 3. Nc3 {[%emt 0:00:00]} d5 {[%emt 0:00:00]} 4. Nf3 {[%emt 0:00:20]} dxc4 {[%emt 0:00:00]} 5. e3 {[%emt 0:00:17]} a6 {[%emt 0:00:07]} 6. a4 {[%emt 0:00:15]} c5 {[%emt 0:00:45]} 7. Bxc4 {[%emt 0:00:12]} Nc6 {[%emt 0:00:17]} 8. O-O {[%emt 0:00:22]} Be7 {[%emt 0:02:14]} 9. Qe2 {[%emt 0:07:44]} cxd4 {[%emt 0:00:19]} 10. Rd1 {[%emt 0:04:52]} e5 {[%emt 0:00:17]} 11. exd4 {[%emt 0:05:29]} exd4 {[%emt 0:00:06]} 12. Nxd4 {[%emt 0:06:13]} Nxd4 {[%emt 0:00:06]} 13. Qe5 {[%emt 0:00:06]} Qd6 {[%emt 0:00:13]} 14. Qxd6 {[%emt 0:02:12]} Bxd6 {[%emt 0:00:06]} 15. Rxd4 {[%emt 0:00:01]} Be5 {[%emt 0:00:09]} 16. Rd1 {[%emt 0:05:13]} O-O {[%emt 0:00:05]} 17. Bg5 {[%emt 0:05:08]} Bf5 {[%emt 0:06:07]} 18. Nd5 {[%emt 0:09:45]} Nxd5 {[%emt 0:04:24]} 19. Rxd5 {[%emt 0:00:20]} Be6 {[%emt 0:02:51]} 20. Rxe5 {[%emt 0:00:16]} Bxc4 {[%emt 0:00:06]} 21. Re7 {[%emt 0:00:28]} Bd5 {[%emt 0:01:55]} 22. b4 {[%emt 0:06:05]} Bc6 {[%emt 0:02:05] normal} 1/2-1/2

[Event "-chT Youth Countries 2019"]
[Site "Wuerzburg"]
[Date "2019.10.03"]
[Round "3.1"]
[White "Nothnagel, Marian Can"]
[Black "Nguyen, Huy Dat"]
[Result "1-0"]
[WhiteElo "2376"]
[BlackElo "2181"]
[Annotator "TA"]
[PlyCount "68"]
[EventDate "2019.10.02"]
[EventType "team-tourn"]
[EventRounds "7"]
[EventCountry "GER"]
[SourceTitle "playchess.com"]
[Source "ChessBase"]
[SourceQuality "1"]
[WhiteTeam "Hessen"]
[BlackTeam "Thüringen"]

{[%evp 13,68,6,5,9,6,0,13,10,21,15,19,12,12,12,15,6,23,-6,24,-12,29,14,89,87,58,68,123,118,122,120,135,130,143,151,126,118,161,151,181,184,188,201,212,225,254,245,331,270,266,267,264,262,388,365,867,837,802]} 1. e4 c5 2. Nf3 e6 3. d3 b6 4. g3 Bb7 5. Bg2 d6 6. O-O Nf6 7. Nbd2 Be7 8. c3 {A05: Réti Opening: 1 Nf3 Nf6} O-O 9. Re1 Nbd7 (9... Nc6 10. a3 Rc8 11. d4 cxd4 12. cxd4 b5 13. e5 Nd5 14. Ne4 b4 15. Qd3 dxe5 16. dxe5 Nb6 17. Nd6 Rc7 {0-1 (37) Amin,B (2689)-Vachier Lagrave,M (2789) Riadh 2017}) 10. a3 {The position is equal.} Ne5 11. Nxe5 dxe5 12. Nc4 Nd7 13. b4 Ba6 $146 ({Predecessor:} 13... Qc7 14. Be3 a6 15. Qb3 h6 16. Rec1 Rfc8 {½-½ (28) Conterno,D (2337)-Laine,J (2267) ICCF email 2015}) 14. Qb3 b5 15. Nb2 Qc7 16. Be3 Rfd8 17. Rec1 Nb6 (17... Rab8 $11 {keeps the balance.}) 18. c4 $16 bxc4 19. dxc4 Rac8 (19... Nd7 $14) 20. b5 $36 {[%mdl 2048] White is on the roll.} Bb7 21. a4 f5 {With the idea ...f4.} 22. Qc2 Rf8 23. Bd2 Nd7 24. Bc3 Rce8 25. Re1 f4 26. Rad1 Bg5 27. Qd3 Nf6 28. Qd6 Qf7 29. Qxe5 {[%mdl 64] [#] Double Attack} Bh6 30. Nd3 Ng4 31. Qxc5 fxg3 32. fxg3 {aiming for h3.} ({Less strong is} 32. hxg3 Rc8 $16) 32... e5 (32... Rc8 $142 33. Qxa7 Rxc4) 33. h3 Qh5 $2 {[#]} (33... Rc8 34. Qxa7 Rxc4) 34. hxg4 $18 Qxg4 {Accuracy: White = 85%, Black = 28%.} 1-0

[Event "-chT Youth Countries 2019"]
[Site "Wuerzburg"]
[Date "2019.10.03"]
[Round "3.1"]
[White "Faerber, David"]
[Black "Degenhard, Simon"]
[Result "1/2-1/2"]
[WhiteElo "2332"]
[BlackElo "2084"]
[Annotator "ChessBase"]
[PlyCount "63"]
[EventDate "2019.10.02"]
[EventType "team-tourn"]
[EventRounds "7"]
[EventCountry "GER"]
[SourceTitle "playchess.com"]
[Source "ChessBase"]
[SourceQuality "1"]
[WhiteTeam "Baden 2"]
[BlackTeam "Württemberg"]
[TimeControl "40/5400+30:1800+30"]

1. d4 {[%emt 0:00:00]} e6 {[%emt 0:00:00]} 2. c4 {[%emt 0:00:35]} Nf6 {[%emt 0:00:22]} 3. Nf3 {[%emt 0:00:08]} Bb4+ {[%emt 0:00:23]} 4. Bd2 {[%emt 0:02:43]} c5 {[%emt 0:00:38]} 5. g3 {[%emt 0:04:25]} O-O {[%emt 0:02:12]} 6. Bg2 {[%emt 0:03:46]} d6 {[%emt 0:02:15]} 7. O-O {[%emt 0:06:45]} Nc6 {[%emt 0:02:41]} 8. a3 {[%emt 0:10:42]} Bxd2 {[%emt 0:00:34]} 9. Qxd2 {[%emt 0:00:10]} Qb6 {[%emt 0:08:28]} 10. Rd1 {[%emt 0:10:41]} Rd8 {[%emt 0:10:39]} 11. d5 {[%emt 0:21:00]} Na5 {[%emt 0:02:07]} 12. Qc2 {[%emt 0:00:53]} Qb3 {[%emt 0:03:52]} 13. Qxb3 {[%emt 0:01:18]} Nxb3 {[%emt 0:00:02]} 14. Ra2 {[%emt 0:00:07]} exd5 {[%emt 0:08:33]} 15. cxd5 {[%emt 0:00:17]} Re8 {[%emt 0:05:51]} 16. Nc3 {[%emt 0:03:16]} a6 {[%emt 0:00:53]} 17. a4 {[%emt 0:06:44]} Bf5 {[%emt 0:03:11]} 18. a5 {[%emt 0:04:37]} Re7 {[%emt 0:07:09]} 19. e3 {[%emt 0:02:22]} Rb8 {[%emt 0:02:32]} 20. Ne1 {[%emt 0:02:36]} b5 {[%emt 0:05:25]} 21. axb6 {[%emt 0:00:23]} Rxb6 {[%emt 0:00:07]} 22. Bf1 {[%emt 0:01:17]} a5 {[%emt 0:01:04]} 23. Bc4 {[%emt 0:03:37]} Reb7 {[%emt 0:03:29]} 24. f3 {[%emt 0:01:05]} Nd7 {[%emt 0:00:48]} 25. g4 {[%emt 0:04:52]} Bg6 {[%emt 0:00:31]} 26. f4 {[%emt 0:00:11]} f5 {[%emt 0:05:58]} 27. h3 {[%emt 0:03:07]} Rb4 {[%emt 0:01:46]} 28. Bxb3 {[%emt 0:02:20]} Rxb3 {[%emt 0:00:02]} 29. Rxa5 {[%emt 0:00:52]} Rxb2 {[%emt 0:00:51]} 30. Ra6 {[%emt 0:01:09]} R7b6 {[%emt 0:01:46]} 31. Rda1 {[%emt 0:00:50]} R2b3 {[%emt 0:02:31]} 32. Ra8+ {[%emt 0:01:26] normal} 1/2-1/2

[Event "-chT Youth Countries 2019"]
[Site "Wuerzburg"]
[Date "2019.10.03"]
[Round "3.1"]
[White "Herbrig, Alexander"]
[Black "Svane, Frederik"]
[Result "0-1"]
[WhiteElo "2295"]
[BlackElo "2360"]
[Annotator "ChessBase"]
[PlyCount "61"]
[EventDate "2019.10.02"]
[EventType "team-tourn"]
[EventRounds "7"]
[EventCountry "GER"]
[SourceTitle "playchess.com"]
[Source "ChessBase"]
[SourceQuality "1"]
[WhiteTeam "Sachsen"]
[BlackTeam "Schleswig-Holstein"]
[TimeControl "40/5400+30:1800+30"]

1. e4 {[%emt 0:00:00]} c5 {[%emt 0:00:00]} 2. Nf3 {[%emt 0:00:00]} d6 {[%emt 0:00:00]} 3. d4 {[%emt 0:00:00]} cxd4 {[%emt 0:00:00]} 4. Nxd4 {[%emt 0:00:00]} Nf6 {[%emt 0:00:00]} 5. Nc3 {[%emt 0:00:07]} a6 {[%emt 0:00:01]} 6. Be3 {[%emt 0:04:02]} e6 {[%emt 0:01:19]} 7. Bd3 {[%emt 0:02:55]} b5 {[%emt 0:06:11]} 8. a3 {[%emt 0:01:30]} Bb7 {[%emt 0:01:31]} 9. O-O {[%emt 0:00:25]} Nbd7 {[%emt 0:11:21]} 10. f4 {[%emt 0:05:16]} Rc8 {[%emt 0:04:59]} 11. Qf3 {[%emt 0:05:51]} Be7 {[%emt 0:25:01]} 12. Qg3 {[%emt 0:15:57]} O-O {[%emt 0:06:53]} 13. e5 {[%emt 0:03:26]} dxe5 {[%emt 0:00:52]} 14. fxe5 {[%emt 0:00:12]} Nh5 {[%emt 0:00:49]} 15. Qh3 {[%emt 0:05:18]} g6 {[%emt 0:00:22]} 16. Rad1 {[%emt 0:05:46]} Bc5 {[%emt 0:10:05]} 17. Be4 {[%emt 0:03:32]} Qc7 {[%emt 0:04:54]} 18. Bxb7 {[%emt 0:10:52]} Qxb7 {[%emt 0:00:04]} 19. Kh1 {[%emt 0:03:27]} Nxe5 {[%emt 0:07:36]} 20. Nxe6 {[%emt 0:04:39]} fxe6 {[%emt 0:00:19]} 21. Qxe6+ {[%emt 0:00:22]} Nf7 22. Bxc5 {[%emt 0:17:09]} Rxc5 {[%emt 0:00:35]} 23. Nd5 {[%emt 0:01:47]} Kh8 {[%emt 0:02:47]} 24. Qe4 {[%emt 0:06:30]} Ng7 {[%emt 0:00:54]} 25. Qd4 {[%emt 0:01:20]} Rc4 {[%emt 0:05:34]} 26. Qd3 {[%emt 0:00:19]} Nf5 {[%emt 0:03:04]} 27. Rxf5 {[%emt 0:02:14]} gxf5 {[%emt 0:00:06]} 28. Qxf5 {[%emt 0:00:30]} Qc6 {[%emt 0:03:02]} 29. Nf6 {[%emt 0:00:26]} Rh4 {[%emt 0:00:03]} 30. Nd7 {[%emt 0:00:22]} Rg8 {[%emt 0:00:12]} 31. Rd2 {[%emt 0:00:42] normal} 0-1

[Event "-chT Youth Countries 2019"]
[Site "Wuerzburg"]
[Date "2019.10.03"]
[Round "3.1"]
[White "Browning, Alex"]
[Black "Roseneck, Jonas"]
[Result "1/2-1/2"]
[WhiteElo "2291"]
[BlackElo "2402"]
[Annotator "ChessBase"]
[PlyCount "83"]
[EventDate "2019.10.02"]
[EventType "team-tourn"]
[EventRounds "7"]
[EventCountry "GER"]
[SourceTitle "playchess.com"]
[Source "ChessBase"]
[SourceQuality "1"]
[WhiteTeam "Nordrhein-Westfalen"]
[BlackTeam "Sachsen-Anhalt"]
[TimeControl "40/5400+30:1800+30"]

1. Nf3 {[%emt 0:00:00]} Nf6 {[%emt 0:00:00]} 2. g3 {[%emt 0:00:00]} g6 {[%emt 0:00:00]} 3. Bg2 {[%emt 0:00:09]} Bg7 {[%emt 0:00:05]} 4. O-O {[%emt 0:00:06]} d5 {[%emt 0:00:03]} 5. d4 {[%emt 0:00:11]} O-O {[%emt 0:00:06]} 6. c4 {[%emt 0:00:08]} dxc4 {[%emt 0:00:04]} 7. Na3 {[%emt 0:00:10]} c3 {[%emt 0:00:36]} 8. bxc3 {[%emt 0:00:08]} c5 {[%emt 0:00:03]} 9. Re1 {[%emt 0:01:45]} Nc6 {[%emt 0:05:54]} 10. Bb2 {[%emt 0:02:30]} Qb6 {[%emt 0:25:52]} 11. Nc4 {[%emt 0:00:38]} Qa6 {[%emt 0:07:22]} 12. Ncd2 {[%emt 0:00:33]} Nd5 {[%emt 0:17:04]} 13. e4 {[%emt 0:05:57]} Nb6 {[%emt 0:00:05]} 14. a4 {[%emt 0:16:35]} cxd4 {[%emt 0:00:09]} 15. cxd4 {[%emt 0:03:02]} Bg4 {[%emt 0:05:39]} 16. h3 {[%emt 0:07:14]} Nc4 {[%emt 0:05:14]} 17. Nxc4 {[%emt 0:03:13]} Bxf3 {[%emt 0:00:04]} 18. Bxf3 {[%emt 0:03:13]} Qxc4 {[%emt 0:00:02]} 19. Rc1 {[%emt 0:02:13]} Qa6 {[%emt 0:05:32]} 20. e5 {[%emt 0:05:00]} Rfd8 {[%emt 0:06:21]} 21. d5 {[%emt 0:01:23]} Nb4 {[%emt 0:01:27]} 22. Be4 {[%emt 0:03:23]} Nxd5 {[%emt 0:03:34]} 23. Bxd5 {[%emt 0:06:01]} e6 {[%emt 0:00:05]} 24. Qf3 {[%emt 0:02:05]} Rxd5 {[%emt 0:01:34]} 25. Rc7 {[%emt 0:00:15]} Rf8 {[%emt 0:00:03]} 26. Ba3 {[%emt 0:00:09]} Qa5 {[%emt 0:05:49]} 27. Rec1 {[%emt 0:02:11]} Bxe5 {[%emt 0:00:01]} 28. Rxb7 {[%emt 0:05:56]} Bd6 {[%emt 0:01:38]} 29. Bxd6 {[%emt 0:00:28]} Rxd6 {[%emt 0:00:00]} 30. Rc8 {[%emt 0:00:29]} Rdd8 {[%emt 0:02:28]} 31. Rxd8 Qxd8 {[%emt 0:00:01]} 32. Rxa7 {[%emt 0:00:26]} Qd4 {[%emt 0:00:03]} 33. Ra8 {[%emt 0:01:16]} Rxa8 {[%emt 0:03:50]} 34. Qxa8+ Kg7 35. a5 {[%emt 0:01:09]} e5 {[%emt 0:00:01]} 36. Qa6 {[%emt 0:00:13]} e4 {[%emt 0:01:37]} 37. Qb6 {[%emt 0:00:13]} Qd1+ {[%emt 0:01:07]} 38. Kh2 {[%emt 0:00:28]} Qe2 {[%emt 0:00:02]} 39. Qd4+ {[%emt 0:01:24]} Kg8 {[%emt 0:00:19]} 40. h4 {[%emt 0:00:28]} Qa2 {[%emt 0:01:39]} 41. Qd8+ {[%emt 0:31:38]} Kg7 {[%emt 0:30:09]} 42. Kg1 {[%emt 0:00:12] normal} 1/2-1/2

[Event "-chT Youth Countries 2019"]
[Site "Wuerzburg"]
[Date "2019.10.03"]
[Round "3.1"]
[White "Polster, Christian"]
[Black "Lagunow, Raphael"]
[Result "1/2-1/2"]
[WhiteElo "2279"]
[BlackElo "2438"]
[Annotator "ChessBase"]
[PlyCount "52"]
[EventDate "2019.10.02"]
[EventType "team-tourn"]
[EventRounds "7"]
[EventCountry "GER"]
[SourceTitle "playchess.com"]
[Source "ChessBase"]
[SourceQuality "1"]
[WhiteTeam "Niedersachsen"]
[BlackTeam "Berlin"]
[TimeControl "40/5400+30:1800+30"]

1. d4 {[%emt 0:00:00]} d5 {[%emt 0:00:00]} 2. Nf3 {[%emt 0:00:24]} Nf6 {[%emt 0:00:00]} 3. Bf4 {[%emt 0:00:34]} c5 {[%emt 0:00:21]} 4. e3 {[%emt 0:00:40]} Nc6 {[%emt 0:00:18]} 5. Nbd2 {[%emt 0:00:41]} e6 {[%emt 0:07:00]} 6. c3 {[%emt 0:00:42]} cxd4 {[%emt 0:00:09]} 7. exd4 {[%emt 0:00:09]} Nh5 {[%emt 0:00:05]} 8. Be3 {[%emt 0:04:17]} Bd6 {[%emt 0:00:37]} 9. Ne5 {[%emt 0:06:08]} g6 {[%emt 0:00:08]} 10. Nd3 {[%emt 0:05:43]} Ng7 {[%emt 0:04:02]} 11. Bf4 {[%emt 0:05:39]} f6 {[%emt 0:03:57]} 12. Bxd6 {[%emt 0:10:31]} Qxd6 {[%emt 0:00:08]} 13. f4 {[%emt 0:00:18]} O-O {[%emt 0:02:09]} 14. Nf3 {[%emt 0:01:42]} b6 {[%emt 0:03:57]} 15. Qd2 {[%emt 0:04:07]} Ba6 {[%emt 0:09:52]} 16. O-O-O {[%emt 0:02:19]} Na5 {[%emt 0:01:54]} 17. b3 {[%emt 0:01:12]} Nf5 {[%emt 0:10:21]} 18. g4 {[%emt 0:04:43]} Qa3+ {[%emt 0:03:57]} 19. Kb1 {[%emt 0:01:26]} Nd6 {[%emt 0:04:00]} 20. Qb2 {[%emt 0:09:28]} Qxb2+ {[%emt 0:01:42]} 21. Kxb2 {[%emt 0:03:51]} Ne4 {[%emt 0:08:22]} 22. Nb4 {[%emt 0:03:02]} Bxf1 {[%emt 0:01:37]} 23. Rhxf1 {[%emt 0:01:27]} Rac8 {[%emt 0:00:16]} 24. Rd3 {[%emt 0:02:39]} Nb7 {[%emt 0:09:47]} 25. Na6 {[%emt 0:04:26]} Nbd6 {[%emt 0:00:19]} 26. Nd2 {[%emt 0:07:38]} Nxd2 {[%emt 0:14:11] normal} 1/2-1/2

[Event "-chT Youth Countries 2019"]
[Site "Wuerzburg"]
[Date "2019.10.03"]
[Round "3.1"]
[White "Weihrauch, Jakob"]
[Black "Vuckovic, Zarko"]
[Result "0-1"]
[WhiteElo "2167"]
[BlackElo "2253"]
[Annotator "NA"]
[PlyCount "32"]
[EventDate "2019.10.02"]
[EventType "team-tourn"]
[EventRounds "7"]
[EventCountry "GER"]
[SourceTitle "playchess.com"]
[Source "ChessBase"]
[SourceQuality "1"]
[WhiteTeam "Hamburg/Schleswig-Holstein"]
[BlackTeam "Bayern 1"]
[TimeControl "40/5400+30:1800+30"]

1. e4 {[%emt 0:00:00]} c5 {[%emt 0:00:00]} 2. Nf3 {[%emt 0:00:00]} Nc6 {[%emt 0:00:00]} 3. d4 {[%emt 0:00:00]} cxd4 {[%emt 0:00:00]} 4. Nxd4 {[%emt 0:00:00]} Nf6 {[%emt 0:00:00]} 5. Nc3 {[%emt 0:00:03]} e6 {[%emt 0:00:00]} 6. Ndb5 {[%emt 0:00:08]} Bc5 {[%emt 0:00:00]} 7. Bf4 {[%emt 0:02:19]} O-O {[%emt 0:00:18]} 8. e5 {[%emt 0:03:08]} a6 {[%emt 0:07:30]} 9. exf6 {[%emt 0:02:44]} Qxf6 {[%emt 0:01:58]} 10. Bg3 {[%emt 0:06:22]} axb5 {[%emt 0:00:35]} 11. Ne4 {[%emt 0:03:25]} Qxb2 {[%emt 0:04:38]} 12. Nxc5 {[%emt 0:03:07]} Qc3+ {[%emt 0:00:53]} 13. Qd2 {[%emt 0:01:44]} Qxa1+ {[%emt 0:00:18]} 14. Ke2 {[%emt 0:00:03]} Rxa2 {[%emt 0:02:44]} 15. Ke3 {[%emt 0:01:43]} Qb1 {[%emt 0:08:30]} 16. Bc4 {[%emt 0:02:05]} Ra3+ {[%emt 0:00:05] normal} 0-1

[Event "-chT Youth Countries 2019"]
[Site "Wuerzburg"]
[Date "2019.10.03"]
[Round "3.1"]
[White "Junker, Magnus"]
[Black "Gschnitzer, Adrian"]
[Result "0-1"]
[WhiteElo "2059"]
[BlackElo "2412"]
[Annotator "TA"]
[PlyCount "84"]
[EventDate "2019.10.02"]
[EventType "team-tourn"]
[EventRounds "7"]
[EventCountry "GER"]
[SourceTitle "playchess.com"]
[Source "ChessBase"]
[SourceQuality "1"]
[WhiteTeam "Bayern 2"]
[BlackTeam "Baden 1"]

{[%evp 15,84,31,60,55,57,21,56,54,86,83,82,74,71,-35,-39,-33,-21,-37,-21,-18,-29,-30,-18,-27,-30,-66,-65,-60,-57,-86,0,-107,0,-115,-107,-91,-89,-198,-201,-246,0,0,0,0,0,0,116,105,136,0,0,-582,-569,-552,-543,-686,-682,-695,-672,-702,-687,-2268,-2268,-1860,-1856,-29984,-29985,-29985,-29986,-29992,0]} 1. d4 d5 2. c4 e6 3. Nc3 Nf6 4. Bg5 Nbd7 5. Nf3 c6 6. e3 Qa5 7. Nd2 Bb4 8. Qc2 Ne4 9. Ncxe4 {D52: Queen's Gambit Declined: Cambridge Springs Variation} dxe4 10. Bf4 O-O 11. a3 {White is slightly better.} f5 12. O-O-O Be7 13. h4 $146 ({Predecessor:} 13. f3 exf3 14. gxf3 e5 15. dxe5 Nxe5 16. Nb3 Qc7 17. Nd4 {½-½ (63) Gschnitzer,O (2440)-Smagin,S (2550) Germany 1990}) 13... e5 14. Bg5 (14. Nb3 $16 Qc7 15. dxe5) 14... Qd8 $1 $15 15. dxe5 Bxg5 16. hxg5 Qxg5 17. Qc3 Qe7 18. f4 exf3 $1 19. Nxf3 Nc5 20. Be2 Ne4 21. Qe1 $1 Be6 22. Rh4 a5 (22... Rad8 $17 23. Bd3 g5) 23. Nd4 (23. Bd3 $1 $11 {remains equal.}) 23... Qf7 (23... Bd7 $17 24. Nf3 c5) 24. g4 (24. Rf4 $11) 24... fxg4 $17 {Threatens to win with ...Nf2.} 25. Bd3 Ng5 $1 26. Qh1 (26. Qc3 $17) 26... h6 $1 $19 (26... Bxc4 $2 27. e6 $18) 27. Rh5 {Black must now prevent Rxg5!} Qe7 $2 {[#]} ({Not} 27... Bxc4 28. e6 $1 $16 {[%mdl 512]}) ({Better is} 27... Nf3 $19 28. Nf5 Bxf5 29. Rxf5 Qe6) 28. Rxg5 $1 $11 {[%mdl 576] Remove Defender} Qxg5 {[%mdl 64] Double Attack} 29. Nxe6 Qxe3+ 30. Kb1 Rf2 (30... Rfe8 $1 $11 {keeps the balance.} 31. Nc7 {[%mdl 64] Double Attack} Rad8 32. Nxe8 Rxd3) 31. Qh5 $1 $16 a4 {[#]} 32. c5 (32. Qg6 $1 $16 {[%csl Ge6][%cal Rg6g7][%mdl 512]} Qxe5 33. Bc2 (33. Qh7+ Kf7 $17) 33... Rxc2 34. Kxc2) 32... Qf3 $1 $40 {[%cal Rf3d1][%mdl 128] Black has some attack.} 33. Qh1 $2 {[%mdl 8192]} (33. Kc1 $1 $11 {and White stays safe.}) 33... Qxh1 $1 $19 34. Rxh1 g3 35. Rg1 g2 36. Bc4 {Strongly threatening Nc7+.} Kh7 37. Nd4 Rd8 38. e6 Rxd4 39. e7 Rxc4 ({Worse is} 39... Re4 40. Bd3 $1 $16 {[%mdl 512]}) 40. e8=Q Rf1+ {[%mdl 64] Double Attack. Black mates.} 41. Ka2 Rxg1 42. Qf8 Rd1 $2 {[%mdl 32768] Accuracy: White = 33%, Black = 57%. . Loss on time!?} (42... Rf1 {mates} 43. Qd6 Rg4 44. Qd3+ Rg6 45. Qd2 g1=Q 46. b3 {[#]} Rg2 $1 {[%mdl 512]} 47. bxa4 Rxd2+ 48. Kb3 Rb1+ 49. Kc4 Qd4#) 0-1

[Event "-chT Youth Countries 2019"]
[Site "Wuerzburg"]
[Date "2019.10.03"]
[Round "3.2"]
[White "Schmidek, Emil"]
[Black "Knuedel, Torben"]
[Result "1/2-1/2"]
[WhiteElo "2387"]
[BlackElo "2193"]
[Annotator "TA"]
[PlyCount "56"]
[EventDate "2019.10.02"]
[EventType "team-tourn"]
[EventRounds "7"]
[EventCountry "GER"]
[SourceTitle "playchess.com"]
[Source "ChessBase"]
[SourceQuality "1"]
[WhiteTeam "Berlin"]
[BlackTeam "Niedersachsen"]

{[%evp 25,56,2,0,0,0,0,0,-25,0,0,0,0,0,0,0,0,0,-13,45,0,0,1,3,0,0,0,-3,-22,0,0,0,-16,0]} 1. e4 e5 2. Nf3 Nc6 3. Bb5 a6 4. Ba4 Nf6 5. O-O Be7 6. Re1 b5 7. Bb3 O-O 8. d3 d6 9. c3 Na5 10. Bc2 c5 11. Nbd2 Nc6 12. Nf1 Re8 13. h3 h6 14. Ne3 {C90: Closed Ruy Lopez with 7...d6: Early deviations} Bf8 15. a4 {next axb5 is good for White.} Be6 16. d4 {[#]} cxd4 $146 (16... exd4 {is interesting.} 17. cxd4 Nb4 18. Bd2 Nxc2 19. Qxc2 cxd4 20. Nxd4 Bd7) ({Predecessor:} 16... exd4 17. cxd4 d5 18. axb5 axb5 19. Rxa8 Qxa8 20. exd5 Nxd5 21. dxc5 Ndb4 {½-½ (52) Fressinet,L (2626)-Tkachiev,V (2645) Besancon 2006}) 17. cxd4 exd4 18. Nxd4 Nxd4 19. Qxd4 Rc8 20. axb5 axb5 21. Bd3 Nd7 (21... d5 $11 22. e5 (22. Bxb5 dxe4 23. Qd2 Re7 $11) 22... Bc5) 22. Nd5 Bxd5 {The position is equal.} 23. Qxd5 Re5 24. Qa2 Nc5 25. Qb1 Nb3 26. Ra6 Nc5 27. Ra1 Nb3 28. Ra6 Nc5 {Accuracy: White = 43%, Black = 62%.} 1/2-1/2

[Event "-chT Youth Countries 2019"]
[Site "Wuerzburg"]
[Date "2019.10.03"]
[Round "3.2"]
[White "Arndt, Magnus"]
[Black "Nguyen, Alex Dac-Vuong"]
[Result "0-1"]
[WhiteElo "2312"]
[BlackElo "2128"]
[Annotator "TA"]
[PlyCount "51"]
[EventDate "2019.10.02"]
[EventType "team-tourn"]
[EventRounds "7"]
[EventCountry "GER"]
[SourceTitle "playchess.com"]
[Source "ChessBase"]
[SourceQuality "1"]
[WhiteTeam "Schleswig-Holstein"]
[BlackTeam "Sachsen"]

{[%evp 9,51,14,25,31,61,61,58,57,82,82,88,90,71,69,84,94,84,81,95,86,88,83,90,89,96,83,95,73,99,82,94,98,97,89,147,140,128,48,54,54,36,0,0,-29]} 1. d4 Nf6 2. Bg5 Ne4 3. Bf4 d5 4. e3 c5 5. Bd3 Qb6 (5... Nf6 6. c3 Nc6 7. Nd2 Qb6 8. Rb1 Bg4 9. Ngf3 e6 10. Qa4 Be7 11. Ne5 O-O 12. Bg5 c4 13. Bc2 Bh5 14. Bxf6 gxf6 {1-0 (52) Mchedlishvili,M (2603)-Amin,B (2689) Riadh 2017}) 6. Bxe4 {A45: Trompowsky Attack} dxe4 7. Nc3 {aiming for Nd5.} Na6 8. Nge2 {White is slightly better.} Bf5 $146 ({Predecessor:} 8... Bg4 9. Nxe4 Qxb2 10. f3 Bf5 11. O-O Bxe4 12. fxe4 Qb5 13. Rb1 {1-0 (47) Nguyen,P (2339)-Naiditsch,Y (2287) Warsaw 2014}) 9. O-O e6 10. Ng3 Rd8 {[%cal Rc5d4]} 11. Qe2 cxd4 12. exd4 Bd6 {[#]} 13. Bxd6 $1 Rxd6 14. Nb5 ({Much weaker is} 14. Ngxe4 $6 Rxd4 15. Rfd1 Rxd1+ 16. Rxd1 O-O $11) ({Much worse is} 14. Ncxe4 Bxe4 15. Nxe4 Rxd4 $11) 14... Rd7 15. c3 Bg6 16. a4 Nc7 17. Rfe1 f5 18. Nxc7+ Qxc7 19. f3 {[%cal Rf3e4]} O-O 20. fxe4 f4 {[#]} 21. Nf1 $1 f3 (21... e5 $142) 22. gxf3 $16 e5 23. d5 (23. Qe3 $16) 23... Bh5 24. Nd2 $1 Rdf7 $1 25. Kh1 {Black must now prevent Rf1.} Rxf3 $1 26. Qc4 {[%mdl 32768] Accuracy: White = 67%, Black = 66%. . Loss on time!?} 0-1